| 000 | 00677cam a22002292 4500 | ||
|---|---|---|---|
| 001 | 0000004675 | ||
| 005 | 20151217145821.0 | ||
| 008 | 070528s xx 000 0 eng d | ||
| 020 |
_a0763721344 : _cGBP 29.99 |
||
| 040 |
_aKABU _cKABU |
||
| 050 | 0 |
_aQK47 _b.M38 2003 |
|
| 100 | 1 |
_aMauseth, James D. _@0000155361 |
|
| 245 | 1 | 0 |
_aBotany : _ban introduction to plant biology. |
| 250 | _a3rd ed. | ||
| 260 |
_aBoston : _bJones and Bartlett, _c2003. |
||
| 300 | _axvii, 848 p. | ||
| 650 | 0 |
_aBotany _vTextbooks. _@0000155362 |
|
| 908 | _a070528 | ||
| 950 | _@1 | ||
| 999 |
_c2868 _d2868 |
||